000 00862cam a2200241 a 4500
001 000018042
005 20200929165330.0
008 720607s1975 caua b 000 0 eng d
040 _aDO-SdBNP
_beng
_cLC
_dBNPHU
050 0 0 _aPL865
_b.B7
082 _ann*
_bB877j
100 1 _aBrower, Robert H.,
_d1923-1988.
_939119
245 1 0 _aJapanese court poetry /
_cRobert H. Brower y Earl Miner.
260 _aStanford, California :
_bStanford University Press,
_c1975.
300 _axvi, 527 p. :
_bil. ;
_c24 cm.
490 1 _aStanford Studies in the Civilization of Eastern Asia
504 _a"Notas bibliográficas": p. [489]-502.
650 0 _aJapanese poetry
_xHistory and criticism.
_939120
700 1 _aMiner, Earl Roy.
_939121
830 0 _aStanford Studies in the Civilization of Eastern Asia
_939122
910 _aCatalogación derivada
049 _aBNGR
999 _c17564
_d17564